Statistics for Long Live (TV) - Taylor Swift (All Lyrics)

Click here to take the quiz!

General Stats

  • This quiz has been taken 89 times
  • The average score is 391 of 443

Answer Stats

Lyrics% Correct
long,
100%
"Long
100%
long
100%
Long,
100%
Long
100%
The
100%
the
100%
I
98%
live
98%
my
98%
of
98%
Of
98%
time
97%
We
97%
we
97%
with
97%
a
95%
all
95%
In
95%
in
95%
"Remember
95%
said,
95%
When
95%
You
95%
you
95%
an
94%
and
94%
And
94%
life
94%
moment"
94%
moment?
94%
moment
94%
"This
94%
this
94%
back
92%
crowds
92%
dragons
92%
had
92%
made"
92%
me
92%
On
92%
on
92%
screaming,
92%
Screaming,
92%
shine
92%
through
92%
was
92%
went
92%
were
92%
wild
92%
fighting
90%
for
90%
magic
90%
mind
90%
our
90%
walls
90%
be
89%
How
89%
how
89%
name
89%
queens
89%
they
89%
to
89%
your
89%
crashed
87%
kings
87%
stand
87%
I'm
85%
just
85%
kingdom
85%
that
85%
That
85%
bring
84%
day
84%
day,
84%
hands
84%
is
84%
not
84%
pretenders
84%
pretenders,
84%
stands
84%
feeling"
82%
lights
82%
pictures
82%
shaking
82%
shined
82%
stood
82%
Tell
82%
tell
82%
up
82%
Will
82%
will
82%
afraid
81%
'em
81%
have
81%
hope
81%
look
81%
remembered
81%
children
79%
got
79%
some
79%
them
79%
around
77%
baseball
77%
But
77%
cap
77%
crown
77%
face"
77%
face
77%
If
77%
if,
77%
mountains
77%
names
77%
One
77%
Please
77%
Promise
77%
read
77%
take
77%
us
77%
world
77%
absurd"
76%
book
76%
by
76%
history
76%
It
76%
jeans
76%
off
76%
outraged
76%
page
76%
rule
76%
forever
74%
God
74%
held
74%
moved"
74%
moved
74%
now
74%
point
74%
ripped
74%
traded
74%
you'll
74%
are
73%
fate
73%
head
73%
Hold
73%
knew
73%
like
73%
never
73%
there
73%
trophies
73%
Would
73%
age
71%
end
71%
memories
71%
night
71%
pass
71%
right
71%
same
71%
should
71%
start
71%
step
71%
town
71%
Confetti
69%
decade
69%
fall
69%
ground
69%
hero
69%
band
68%
break
68%
gave
68%
into
68%
lives
68%
falls
66%
force
66%
goodbye
66%
these
66%
Wishin'
66%
'Cause
65%
cynics
65%
spinning
65%
thieves
65%
sidelines
63%
danced
61%
years
60%
Singing,
58%
May
55%
forbid,
45%

Score Distribution

Percentile by Number Answered

Percent of People with Each Score

Your Score History

You have not taken this quiz